Statistics for 有人指定離島

Click here to take the quiz!

General Stats

  • This quiz has been taken 190 times
  • The average score is 62 of 256

Answer Stats

Answer% Correct
大島
90%
利尻島
88%
佐渡島
85%
礼文島
84%
奥尻島
82%
対馬島
79%
小豆島
79%
八丈島
77%
壱岐島
72%
青ヶ島
70%
三宅島
70%
種子島
68%
屋久島
68%
新島
66%
粟島
66%
御蔵島
65%
神津島
63%
利島
61%
小島
57%
福江島
53%
飛島
49%
豊島
49%
中島
48%
直島
48%
姫島
46%
竹島
46%
天売島
42%
焼尻島
42%
家島
41%
式根島
39%
硫黄島
39%
沖ノ島
39%
宝島
38%
悪石島
37%
舳倉島
35%
小値賀島
35%
口永良部島
34%
沖島
34%
松島
33%
高島
33%
上甑島
32%
西ノ島
32%
下甑島
32%
黒島
32%
初島
32%
長島
32%
日間賀島
31%
西島
31%
島後
31%
大崎上島
30%
津島
30%
中之島
28%
神島
28%
与島
28%
見島
28%
青島
27%
戸島
26%
諏訪之瀬島
26%
篠島
25%
答志島
25%
小宝島
23%
中甑島
23%
沼島
23%
奈留島
23%
佐久島
23%
広島
22%
石島
22%
伊島
21%
女木島
21%
江島
21%
北木島
21%
赤島
21%
中通島
21%
中ノ島
20%
男木島
20%
端島
20%
馬島
19%
平島
19%
野島
19%
知夫里島
19%
手島
18%
本島
18%
宇久島
17%
前島
17%
沖の島
17%
犬島
16%
馬毛島
16%
相島
16%
弓削島
15%
魚島
15%
黄島
15%
牛島
15%
六島
14%
口之島
14%
出島
14%
向島
14%
坊勢島
14%
田代島
14%
佐島
14%
若松島
14%
原島
14%
八島
14%
湯島
13%
網地島
13%
来島
13%
男鹿島
13%
渡鹿野島
12%
岩城島
12%
藍島
12%
白石島
12%
櫃石島
12%
伊吹島
12%
似島
12%
嘉島
11%
菅島
11%
沖之島
11%
獅子島
10%
小豊島
10%
横島
10%
玄海島
10%
小呂島
10%
御所浦島
10%
興居島
10%
池島
10%
真鍋島
10%
高見島
10%
寒風沢島
10%
岩黒島
9%
坂手島
9%
久賀島
9%
生名島
9%
地島
9%
佐柳島
9%
釣島
9%
志々島
9%
桂島
8%
島山島
8%
蓋井島
8%
祝島
8%
小与島
8%
日振島
8%
出羽島
8%
鵜島
8%
怒和島
8%
六口島
8%
走島
8%
浮島
7%
小手島
7%
野々島
7%
情島
7%
野崎島
7%
牧島
7%
百島
7%
佐木島
7%
深島
7%
馬渡島
7%
小飛島
6%
大飛島
6%
嵯峨島
6%
阿多田島
6%
鴻島
6%
細島
6%
間崎島
6%
保戸島
6%
平郡島
6%
高井神島
6%
納島
6%
大津島
6%
大下島
6%
野忽那島
6%
睦月島
6%
津和地島
6%
二神島
6%
朴島
6%
六連島
6%
寺島
6%
佐合島
5%
島野浦島
5%
斑島
5%
小大下島
5%
安居島
5%
柱島
5%
度島
5%
斎島
5%
鵜来島
5%
小川島
5%
神集島
5%
屋形島
4%
大入島
4%
横浦島
4%
生野島
4%
加唐島
4%
小佐木島
3%
三角島
3%
頭ヶ島
3%
笠佐島
3%
大多府島
3%
櫃島
3%
竹ヶ島
3%
築島
3%
地無垢島
3%
泊島
3%
有福島
3%
糀島
3%
蕨小島
3%
若宮島
3%
屏風島
2%
海栗島
2%
漁生浦島
2%
日ノ島
1%
桐ノ小島
1%
比岐島
1%
赤穂根島
1%

Score Distribution

Percentile by Number Answered

Percent of People with Each Score

Your Score History

You have not taken this quiz